🌐Ce pays est-il traversĂ© par un mĂ©ridien principal ou un tropique ? - Statistiques

Statistiques générales
  • Ce quiz a Ă©tĂ© pris 14 fois
  • Le rĂ©sultat moyen est 5 sur 19
Answers on the Grid
Answers color-coded by a green-red scale on the quiz's grid according to % correct below.
Allemagne
Argentine
Australie
Bolivie
Brésil
Chili
Colombie
Émirats arabes unis
Espagne
Fidji
France
Ghana
Inde
Iran
Italie
KoweĂŻt
Laos
Libye
Mali
Mauritanie
Mexique
Namibie
Nigeria
Nouvelle-Zélande
Pakistan
Papouasie-Nouvelle-Guinée
Pérou
Russia
Togo
Uruguay
Vietnam
Zimbabwe
 
Statistiques - réponses
Réponse % Correct
Méridien de Greenwich France
67%
Tropique du Capricorne au nord Argentine
58%
Tropique du Capricorne Brésil
50%
Tropique du Capricorne Chili
50%
Tropique du Capricorne Australie
33%
Méridien de Greenwich (passe par Castellón) Espagne
33%
Tropique du Cancer Inde
33%
Tropique du Cancer Mexique
33%
Traversé par le 180° Fidji
25%
Tropique du Cancer Libye
25%
Méridien de Greenwich Togo
25%
Tropique du Cancer Émirats arabes unis
17%
Tropique du Cancer + Méridien de Greenwich Mali
17%
Méridien de Greenwich (Accra proche du 0°) Ghana
8%
Tropique du Cancer Mauritanie
8%
Tropique du Capricorne Namibie
8%
Tropique du Capricorne Zimbabwe
8%
Tropique du Cancer (dans le sud) Laos
0%
180° Ă  l’extrĂȘme est Russia
0%
Aucun quiz correspondant
Distribution des résultats
% des personnes avec chaque résultat
Percentile par nombre de réponses
Votre historique - résultats
Vous n’avez pas pris ce quiz